000
00299nam a22001097a 4500
008
160512b xxu||||| |||| 00| 0 eng d
020
_a
9994397486
041
_a
eng
080
_a
612.39
245
_a
Teknologjia e perpunimit te frutave dhe perimeve:
_c
Renata Kongoli; iliriana Bocil;
942
_2
udc
_c
BK
999
_c
2101
_d
2101